000 00657nam a22002417a 4500
003 UA-OsUOA
001 119757
007 ta
008 20161116b un ||||| |||| 00| 0 ukr d
100 _aТомашевська В.
090 _a7.071.1:738.3
_bТ56
942 _cBK
040 _aUA-OsUOA
_bukr
_cUA-OsUOA
_dUA-OsUOA
245 _aМистецтво кераміки
_bкнига-альбом
300 _a156 с.
955 _a1
041 _aukr
080 _a7.071.1:738.3
020 _a978-617-7368-00-6
260 _aК.
_bІрідіум
_c2015
650 7 _a7.0 Загальні питання мистецтва
_2UDC
999 _c405703
_d405703